<?xml version="1.0" encoding="UTF-8"?>
<record
    xmlns:xsi="http://www.w3.org/2001/XMLSchema-instance"
    xsi:schemaLocation="http://www.loc.gov/MARC21/slim http://www.loc.gov/standards/marcxml/schema/MARC21slim.xsd"
    xmlns="http://www.loc.gov/MARC21/slim">

  <leader>00569nam a22002057a 4500</leader>
  <controlfield tag="003">CDMR</controlfield>
  <controlfield tag="005">20151026134202.0</controlfield>
  <controlfield tag="007">ta</controlfield>
  <controlfield tag="008">131107s1968    esp||||f |||| 001 0 spa d</controlfield>
  <datafield tag="024" ind1=" " ind2=" ">
    <subfield code="2">DL</subfield>
    <subfield code="a">NA4901968</subfield>
  </datafield>
  <datafield tag="040" ind1=" " ind2=" ">
    <subfield code="a">CDMR</subfield>
    <subfield code="b">cat</subfield>
    <subfield code="c">CDMR</subfield>
  </datafield>
  <datafield tag="100" ind1=" " ind2=" ">
    <subfield code="9">4296</subfield>
    <subfield code="a">Gloria Toranzo</subfield>
  </datafield>
  <datafield tag="245" ind1=" " ind2=" ">
    <subfield code="a">El estilo y sus secretos</subfield>
    <subfield code="c">Gloria Toranzo</subfield>
  </datafield>
  <datafield tag="260" ind1=" " ind2=" ">
    <subfield code="a">Pamplona</subfield>
    <subfield code="b">Universidad de Navarra</subfield>
    <subfield code="c">1968</subfield>
  </datafield>
  <datafield tag="300" ind1=" " ind2=" ">
    <subfield code="a">345 p. </subfield>
  </datafield>
  <datafield tag="490" ind1=" " ind2=" ">
    <subfield code="a">Manuales de periodismo</subfield>
    <subfield code="v">2</subfield>
  </datafield>
  <datafield tag="654" ind1=" " ind2=" ">
    <subfield code="9">3086</subfield>
    <subfield code="a">Periodisme</subfield>
    <subfield code="v">Manuals d'estil</subfield>
  </datafield>
  <datafield tag="654" ind1=" " ind2=" ">
    <subfield code="9">3772</subfield>
    <subfield code="a">Periodisme--Manuals d'estil</subfield>
  </datafield>
  <datafield tag="942" ind1=" " ind2=" ">
    <subfield code="2">udc</subfield>
    <subfield code="c">MON</subfield>
  </datafield>
  <datafield tag="999" ind1=" " ind2=" ">
    <subfield code="c">6665</subfield>
    <subfield code="d">6665</subfield>
  </datafield>
  <datafield tag="952" ind1=" " ind2=" ">
    <subfield code="0">0</subfield>
    <subfield code="1">0</subfield>
    <subfield code="4">0</subfield>
    <subfield code="7">0</subfield>
    <subfield code="a">CDMR</subfield>
    <subfield code="b">CDMR</subfield>
    <subfield code="d">2013-01-16</subfield>
    <subfield code="l">0</subfield>
    <subfield code="o">Dc 2/17</subfield>
    <subfield code="p">CDMR13119577</subfield>
    <subfield code="r">2013-11-07</subfield>
    <subfield code="w">2013-11-07</subfield>
    <subfield code="y">MON</subfield>
  </datafield>
</record>
